Dr. Dobson answers your questions about raising children. (Record no. 14721)

000 -LEADER
fixed length control field 00631nam a2200193 a 4500
001 - CONTROL NUMBER
control field :::00012555$&:&@@
003 - CONTROL NUMBER IDENTIFIER
control field OkBaRHE
005 - DATE AND TIME OF LATEST TRANSACTION
control field 20000607103420.0
008 - FIXED-LENGTH DATA ELEMENTS--GENERAL INFORMATION
fixed length control field s1982 j 000 0 eng u
020 ## - INTERNATIONAL STANDARD BOOK NUMBER
International Standard Book Number 0842306528
040 ## - CATALOGING SOURCE
Transcribing agency
100 1# - MAIN ENTRY--PERSONAL NAME
Personal name Dobson, James C., 1936-
245 10 - TITLE STATEMENT
Title Dr. Dobson answers your questions about raising children.
260 ## - PUBLICATION, DISTRIBUTION, ETC. (IMPRINT)
Place of publication, distribution, etc Wheaton, IL. :
Name of publisher, distributor, etc Tyndale House Publishers
Date of publication, distribution, etc c1982
300 ## - PHYSICAL DESCRIPTION
Extent 264 p. ;
Dimensions 24 cm.
650 ## - SUBJECT ADDED ENTRY--TOPICAL TERM
Topical term or geographic name as entry element Child Rearing
General subdivision United States
-- Miscellanea
942 ## - ADDED ENTRY ELEMENTS (KOHA)
Source of classification or shelving scheme
Koha item type Books
Copies
Lost status Copy number Koha item type Full call number Price effective from Source of classification or shelving scheme Damaged status Date acquired Withdrawn status Permanent Location Shelving location Date last seen Barcode Not for loan
 1BooksHQ 769 .D5832010-04-14  2010-04-14 RHEMA Bible Training CollegeGeneral Stacks2010-04-1412555